Statistics for Landmarks of History

Click here to take the quiz!

General Stats

  • This quiz has been taken 125 times
  • The average score is 8 of 15

Answer Stats

HintAnswer% Correct
Hollywood SignLos Angeles
92%
Champes-ElyssesParis
89%
Forbidden CityBeijing
85%
Ellis IslandNew York
85%
Hagia SofiaIstanbul
81%
Library of ___Alexandria
77%
____ Harbour BridgeSydney
63%
Great HippodromeRome
55%
Green Light DistrictAmsterdam
38%
Santa Maria del FioreFlorence
36%
Knossos PalaceCrete
32%
AlhambraGranada
23%
Hassan MosqueCasablanca
17%
Golden TempleAmritsar
8%
Great Mosque of _____Djenne
2%

Score Distribution

Percentile by Number Answered

Percent of People with Each Score

Your Score History

You have not taken this quiz